Pokémon Generation 1(#001 to #151) - Statistics

General Stats
  • This quiz has been taken 175 times
  • The average score is 120 of 151
Answer Stats
No. Type Pokémon % Correct
#001 Grass/Poison Bulbasaur
100%
#002 Grass/Poison Ivysaur
98%
#003 Grass/Poison Venusaur
98%
#015 Bug/Poison Beedrill
96%
#009 Water Blastoise
96%
#012 Bug/Flying Butterfree
96%
#010 Bug Caterpie
96%
#006 Fire/Flying Charizard
96%
#004 Fire Charmander
96%
#005 Fire Charmeleon
96%
#022 Normal/Flying Fearow
96%
#014 Bug/Poison Kakuna
96%
#034 Poison/Ground Nidoking
96%
#031 Poison/Ground Nidoqueen
96%
#029 | #032 Poison Nidoran
96%
#033 Poison Nidorino
96%
#018 Normal/Flying Pidgeot
96%
#017 Normal/Flying Pidgeotto
96%
#016 Normal/Flying Pidgey
96%
#025 Electric Pikachu
96%
#026 Electric Raichu
96%
#021 Normal/Flying Spearow
96%
#007 Water Squirtle
96%
#008 Water Wartortle
96%
#013 Bug/Poison Weedle
96%
#024 Poison Arbok
94%
#036 Fairy Clefable
94%
#023 Poison Ekans
94%
#039 Normal/Fairy Jigglypuff
94%
#068 Fighting Machamp
94%
#067 Fighting Machoke
94%
#066 Fighting Machop
94%
#011 Bug Metapod
94%
#030 Poison Nidorina
94%
#040 Normal/Fairy Wigglytuff
94%
#035 Fairy Clefairy
92%
#149 Dragon/Flying Dragonite
92%
#074 Rock/Ground Geodude
92%
#075 Rock/Ground Graveler
92%
#151 Psychic Mew
92%
#150 Psychic Mewtwo
92%
#043 Grass/Poison Oddish
92%
#092 Ghost/Poison Gastly
90%
#094 Ghost/Poison Gengar
90%
#020 Normal Raticate
90%
#019 Normal Rattata
90%
#145 Electric/Flying Zapdos
90%
#063 Psychic Abra
88%
#065 Psychic Alakazam
88%
#144 Ice/Flying Articuno
88%
#148 Dragon Dragonair
88%
#146 Fire/Flying Moltres
88%
#045 Grass/Poison Vileplume
88%
#147 Dragon Dratini
87%
#044 Grass/Poison Gloom
87%
#076 Rock/Ground Golem
87%
#093 Ghost/Poison Haunter
87%
#140 Rock/Water Kabuto
87%
#141 Rock/Water Kabutops
87%
#077 Fire Ponyta
87%
#142 Rock/Flying Aerodactyl
85%
#059 Fire Arcanine
85%
#058 Fire Growlithe
85%
#064 Psychic Kadabra
85%
#081 Electric/Steel Magnemite
85%
#082 Electric/Steel Magneton
85%
#078 Fire Rapidash
85%
#050 Ground Diglett
83%
#051 Ground Dugtrio
83%
#042 Poison/Flying Golbat
83%
#038 Fire Ninetales
83%
#027 Ground Sandshrew
83%
#028 Ground Sandslash
83%
#037 Fire Vulpix
83%
#041 Poison/Flying Zubat
83%
#106 Fighting Hitmonlee
81%
#110 Poison Weezing
81%
#107 Fighting Hitmonchan
79%
#109 Poison Koffing
79%
#131 Water/Ice Lapras
79%
#049 Bug/Poison Venomoth
79%
#101 Electric Electrode
77%
#095 Rock/Ground Onix
77%
#054 Water Psyduck
77%
#048 Bug/Poison Venonat
77%
#069 Grass/Poison Bellsprout
75%
#087 Water/Ice Dewgong
75%
#096 Psychic Drowzee
75%
#129 Water Magikarp
75%
#138 Rock/Water Omanyte
75%
#139 Rock/Water Omastar
75%
#046 Bug/Grass Paras
75%
#061 Water Poliwhirl
75%
#062 Water/Fighting Poliwrath
75%
#086 Water Seel
75%
#143 Normal Snorlax
75%
#072 Water/Poison Tentacool
75%
#073 Water/Poison Tentacruel
75%
#133 Normal Eevee
73%
#088 Poison Grimer
73%
#097 Psychic Hypno
73%
#124 Ice/Psychic Jynx
73%
#056 Fighting Mankey
73%
#047 Bug/Grass Parasect
73%
#060 Water Poliwag
73%
#134 Water Vaporeon
73%
#100 Electric Voltorb
73%
#136 Fire Flareon
71%
#130 Water/Flying Gyarados
71%
#135 Electric Jolteon
71%
#052 Normal Meowth
71%
#089 Poison Muk
71%
#121 Water/Psychic Starmie
71%
#120 Water Staryu
71%
#070 Grass/Poison Weepinbell
71%
#125 Electric Electabuzz
69%
#083 Normal/Flying Farfetch’d
69%
#055 Water Golduck
69%
#053 Normal Persian
69%
#057 Fighting Primeape
69%
#118 Water Goldeen
67%
#123 Bug/Flying Scyther
67%
#071 Grass/Poison Victreebel
67%
#084 Normal/Flying Doduo
65%
#126 Fire Magmar
65%
#122 Psychic/Fairy Mr. Mime
65%
#079 Water/Psychic Slowpoke
65%
#085 Normal/Flying Dodrio
63%
#119 Water Seaking
63%
#080 WaterPsychic Slowbro
63%
#091 Water/Ice Cloyster
62%
#112 Ground/Rock Rhydon
62%
#115 Normal Kangaskhan
60%
#090 Water Shellder
60%
#132 Normal Ditto
58%
#116 Water Horsea
58%
#111 Ground/Rock Rhyhorn
58%
#103 Grass/Psychic Exeggutor
56%
#113 Normal Chansey
54%
#102 Grass/Psychic Exeggcute
54%
#117 Water Seadra
54%
#128 Normal Tauros
54%
#137 Normal Porygon
52%
#104 Ground Cubone
50%
#127 Bug Pinsir
50%
#098 Water Krabby
48%
#105 Ground Marowak
48%
#099 Water Kingler
46%
#114 Grass Tangela
46%
#108 Normal Lickitung
44%
No matching quizzes found
Score Distribution
Percent of People with Each Score
Percentile by Number Answered
Your Score History
You have not taken this quiz